000 02495nam a2200301Ia 4500
003 CO-CtgCURN
005 20250917185442.0
008 191203s2018 xx f 000 0 spa d
020 _a9789508024282
040 _aCO-CtgCURN
_bspa
_ccoctgcurn
082 _a361.3
_bM317
100 _aMarchevsky, Carlos
_92799
_eautor
245 0 _aFunción paterna y patriarcado :
_blazo social IV /
_cCarlos Marchevsky
250 _a1 edición
260 _aArgentina :
_bEspacio Editorial,
_c2018
300 _a181 páginas ;
_c20 centímetros
490 _aColección Ciencias Sociales. Novedades
500 _aIncluye introducción e índice
504 _aIncluye referencias bibliográficas (p. 179-180)
505 _aCap. I. La realidad: ¡lo existente verdadero? -- Cap. II. La observación como constatación de que -- Cap. III. La cuestión de la vivienda -- Cap. IV. El trabajador social de campo "sospechado" -- Cap. V. Análisis crítico del concepto fuerza social y el por fuera del sentido -- Cap. VI. El patriarcado y la función paterna -- Cap. VII. Algunas reflexiones sobre la institución -- Cap. VIII. Otras reflexiones sobre institución -- Cap. IX. Moral como antitético a ética -- Cap. X. ¿Aporta el trabajo social a la política?
520 _aLazo social es una construcción más para la desconstrucción. Tal vez, la primera construcción lógica que el trabajo social aporta a las ciencias sociales. Sin embargo, habría que reflexionar, antes de deconstruir esta creación, que la misma cuestiona certezas de lo que hasta aquí ha sido la práctica de la profesión. Las consecuencias del lazo social y las fuerzas sociales resulta una revuelta intrínseca a valores hasta aquí sobreentendidos: revolución, subversión, amoralidad, diferencias entre poder político y social, diferencias entre el patriarcado y la función paterna y entre esta y el ordenador, el sin sentido como fuerza son alguna de las novedades que el autor propone. El espíritu del texto invita a pensar el trabajo social no debe de una vez, mirarse a sí mismo y recrearse ya no como un mero auxiliar, sino como protagonista en el andamiaje de lo que el mismo autor denomina pequeñas revoluciones.
521 _aAREA PROFESIONAL
590 _aPrograma de Trabajo Social_26
650 _aTrabajo social
_92800
942 _cBK
_h361.3
_iM317
_2ddc
999 _c30642
_d30642